| 000 | 00616cam a2200217 a 4500 | ||
|---|---|---|---|
| 020 | _a1853831956 (pbk.) | ||
| 020 | _a1853832251 (hardback) | ||
| 040 | _cDJBF | ||
| 082 | 0 | 0 | _a333 EAR 1994 A076 Or. |
| 100 | 1 | _aPearce, David W. | |
| 245 | 1 | 4 | _aThe economic value of biodiversity / |
| 260 |
_aLondon : _bEarthscan, _c1994. |
||
| 300 |
_axii, 172 p. : _bill. ; _c23 cm. |
||
| 650 | 0 | _aBiodiversity conservation | |
| 650 | 0 | _aNature conservation | |
| 650 | 0 | _aBiodiversity | |
| 650 | 0 | _aConservation of natural resources. | |
| 700 | 1 | _aMoran, Dominic. | |
| 710 | 2 | _aIUCN Biodiversity Programme. | |
| 942 | _cEK | ||
| 999 |
_c15360 _d15360 |
||